| 000 | 00714cam a22002291 4500 | ||
|---|---|---|---|
| 001 | sa 66006573 | ||
| 003 | DLC | ||
| 005 | 20260227112257.0 | ||
| 008 | 760121s1965 vm ch 000 0 eng | ||
| 010 | _asa 66006573 | ||
| 035 | _a(OCoLC)1939708 | ||
| 040 |
_aDLC _cOAU _dOCoLC _dDLC |
||
| 042 | _apremarc | ||
| 050 | 0 | 0 |
_aLA1186 _b.N46 |
| 082 | _a370.9597 | ||
| 100 | 1 | _aNguyễn, Khánh Toàn. | |
| 245 | 1 | 0 | _a20 years' development of education in the Democratic Republic of Vietnam. |
| 260 |
_a[Hanoi?] _bPub. House of the Ministry of Education of the D.R.V., _c1965. |
||
| 300 |
_a 47 p. _bfacsim., ports. _c19 cm. |
||
| 500 | _aErrata slip inserted. | ||
| 650 | 0 |
_aEducation _zVietnam (Democratic Republic) |
|
| 999 |
_c70581 _d70581 |
||